Top 15 most streamed Lil Tecca songs - Statistics

General Stats
  • This quiz has been taken 219 times
  • The average score is 7 of 15
Answer Stats
Rank Streams Songs % Correct
1. 1,344,043,697 Ransom
98%
4. 337,080,426 500lbs
76%
2. 543,504,453 Love Me
64%
3. 436,233,309 Did It Again
60%
6. 310,843,593 LOT OF ME
57%
7. 260,684,781 Out Of Love
48%
11. 139,147,030 Amigo
45%
12. 111,690,812 HVN ON EARTH
36%
8. 209,765,809 NEVER LEFT
36%
5. 319,135,653 Our Time
36%
9. 175,208,551 REPEAT IT
32%
14. 81,211,372 Out Of Luck
28%
13. 82,378,362 DUI
23%
10. 160,462,510 Shots
22%
15. 75,617,490 SHOW ME UP
11%
No matching quizzes found
Score Distribution
Percent of People with Each Score
Percentile by Number Answered
Your Score History
You have not taken this quiz